000 00646nam a2200205 a 4500
005 20240816131057.0
008 101020s1985 ea r 000 0 eng d
020 _a0387960929
035 _aUPN01000178276
049 _aCG
050 4 _aQP409
_bS7.6
100 1 _aStellar, James R.
_930513
245 1 4 _aThe neurobiology of motivation and reward /
_cJames R. Stellar, Eliot Stellar.
260 _aNew York :
_bSpringer-Verlag,
_c1985.
300 _a255 p. :
_bfigs.
650 4 _aMotivación (Psicología)
_xAspectos fisiológicos
_916826
650 2 _aRecompensa (psicología)
_916825
700 1 _aStellar, Eliot,
_ecoaut.
905 _aLibro
999 _c150379
_d150379